00832nam a2200193Ia 4500008004100000020002200041050001900063100003000082245007500112260002400187300002300211500011300234650004000347650003000387942001200417952009600429952009600525999001700621120626s9999 xx 000 0 und d a978-970-15-1230-204aTJ211 O55 20071 aOLLERO BATURONE, Aníbal10aRobótica: manipuladores y robots móvilescAníbal Ollero Baturone aMéxicobAlfaomega axx ; 447 páginas aContiene: Dedicatoria Índice general Prólogo Prefacio del autor Conclusiones Índice alfabético17aROBÓTICA \ ROBOTS-PROGRAMACIÓN 17aMANIPULADORES (MECANISMO) 2ddccLB 00104070a07b07d2011-01-20l0oTJ211 O55 2007p07 001708r2012-06-26t1w2012-06-26yLB 00104070a07b07d2011-12-08l0oTJ211 O55 2007p07 002702r2012-06-26t2w2012-06-26yLB c66787d66787